[Event "Danilo Batricevic Mem Balkan GP"]
[Site "Cetinje MNE"]
[Date "2012.10.24"]
[Round "6.13"]
[White "Djukanovic,S"]
[Black "Prijovic,B"]
[Result "1-0"]
[WhiteElo "2321"]
[BlackElo "2019"]

1.d4 d5 2.c4 e6 3.Nf3 Nf6 4.Nc3 c6 5.e3 b6 6.Bd3 Bb7 7.O-O Be7 8.Qc2 Nbd7
9.Rd1 O-O 10.Ne5 Rc8 11.Nxd7 Qxd7 12.e4 dxe4 13.Nxe4 Nxe4 14.Bxe4 h6 15.Bf4 Bd6
16.Be5 Qc7 17.Bxd6 Qxd6 18.c5 Qf4 19.g3 Qc7 20.Qa4 b5 21.Qc2 a5 22.a3 Rcd8
23.f4 Rd7 24.Qc3 Rfd8 25.Bf3 Ba8 26.b3 Bb7 27.Kf2 Bc8 28.Rd2 Ba6 29.h4 Bc8
30.Qe3 Bb7 31.Re1 Ba8 32.Kg2 Bb7 33.g4 b4 34.axb4 axb4 35.g5 hxg5 36.hxg5 g6
37.Rh1 Kg7 38.d5 Rxd5 39.Bxd5 Rxd5 40.Rxd5 cxd5 41.Qd4+ Kf8 42.Kg3  1-0

[Event "16th Unive Open"]
[Site "Hoogeveen NED"]
[Date "2012.10.24"]
[Round "6"]
[White "Wiersma,E"]
[Black "Lindgren,P"]
[Result "1/2-1/2"]
[WhiteElo "2367"]
[BlackElo "2265"]

1.d4 d5 2.c4 c6 3.Nf3 Nf6 4.Nc3 e6 5.e3 Nbd7 6.Bd3 dxc4 7.Bxc4 b5 8.Bd3 Bd6
9.O-O O-O 10.Qc2 Bb7 11.e4 e5 12.h3 exd4 13.Nxd4 Nc5 14.Rd1 Nxd3 15.Rxd3 Qb8
16.Nf5 Be5 17.f3 c5 18.Be3 c4 19.Rd2 a6 20.Bc5  1/2-1/2

[Event "Danilo Batricevic Mem Balkan GP"]
[Site "Cetinje MNE"]
[Date "2012.10.25"]
[Round "7.6"]
[White "Blagojevic,Dr"]
[Black "Nikac,P"]
[Result "1-0"]
[WhiteElo "2526"]
[BlackElo "2336"]

1.d4 c6 2.c4 d5 3.Nc3 Nf6 4.e3 e6 5.Nf3 Nbd7 6.Qc2 Bd6 7.b3 O-O 8.Be2 Re8
9.O-O a6 10.Bb2 b5 11.Rad1 bxc4 12.bxc4 Rb8 13.Ba1 Qc7 14.c5 Bf8 15.Na4 e5
16.Nxe5 Nxe5 17.dxe5 Ng4 18.Bxg4 Bxg4 19.f3 Bh5 20.Bd4 Qa5 21.Nb6 Bg6 22.Qd2 Qxd2
23.Rxd2 Be7 24.Rc1 Rb7 25.Rc3 Bf5 26.Rb2 Reb8 27.Ra3 f6 28.exf6 gxf6 29.Rxa6 Kf7
30.Rb3 h5 31.Rba3 Rg8 32.Ra8 Bd8 33.R3a7 Rxa7 34.Rxa7+ Ke6 35.a4 Bh3 36.g3 h4
37.Kf2 f5 38.a5 f4 39.exf4 hxg3+ 40.hxg3 Bf5  1-0

[Event "Chigorin Mem Rapid"]
[Site "St Petersburg RUS"]
[Date "2012.10.25"]
[Round "2.1"]
[White "Rozum,I"]
[Black "Grachev,B"]
[Result "0-1"]
[WhiteElo "2498"]
[BlackElo "2672"]

1.Nf3 d5 2.d4 c6 3.c4 Nf6 4.Nc3 e6 5.e3 Nbd7 6.Bd3 dxc4 7.Bxc4 b5 8.Bd3 Bd6
9.O-O O-O 10.b3 Bb7 11.Bb2 Re8 12.Rc1 Rc8 13.Ne4 Nxe4 14.Bxe4 a6 15.Qe2 Qe7
16.Rfd1 Red8 17.Rd2 Nf6 18.Bb1 h6 19.Ne5 c5 20.dxc5 Bxc5 21.Rxd8+ Rxd8 22.Nxf7 Kxf7
23.Bxf6 gxf6 24.Qh5+ Kg7 25.h4 f5 26.e4 Rd2 27.exf5 Bxf2+ 28.Kf1 Be3 29.Rc3 Bxg2+
30.Ke1 exf5  0-1

[Event "Chigorin Mem Rapid"]
[Site "St Petersburg RUS"]
[Date "2012.10.25"]
[Round "3.11"]
[White "Epishin,V"]
[Black "Pakhomov,E"]
[Result "1-0"]
[WhiteElo "2574"]
[BlackElo "2458"]

1.d4 d5 2.c4 e6 3.Nc3 c6 4.e3 Nf6 5.Nf3 Nbd7 6.Be2 dxc4 7.a4 Bd6 8.Nd2 O-O
9.Nxc4 Bc7 10.e4 c5 11.Be3 cxd4 12.Qxd4 Nb6 13.Qxd8 Bxd8 14.Nxb6 Bxb6 15.Bxb6 axb6
16.O-O-O e5 17.b3 Bd7 18.Kb2 Bc6 19.f3 Rfd8 20.Rxd8+ Rxd8 21.Rd1 Rxd1 22.Bxd1 Kf8
23.b4 Ke7 24.Bb3 g5 25.Kc1 g4 26.Kd2 gxf3 27.gxf3 Bd7 28.Bd5 Bc8 29.Kd3 Ne8
30.Nb5 f6 31.Kc4 Nd6+ 32.Nxd6 Kxd6 33.a5 Kc7 34.Bg8 h6 35.Kd5 bxa5 36.bxa5 b6
37.axb6+ Kxb6 38.Be6 Ba6 39.Bg4 Bd3 40.h4 Be2 41.h5 f5 42.exf5 Kc7 43.Kxe5 Kd7
44.Kf6 Ke8 45.Kg7  1-0

[Event "Chigorin Mem Rapid"]
[Site "St Petersburg RUS"]
[Date "2012.10.25"]
[Round "4.1"]
[White "Epishin,V"]
[Black "Grachev,B"]
[Result "1/2-1/2"]
[WhiteElo "2574"]
[BlackElo "2672"]

1.d4 d5 2.c4 c6 3.e3 Nf6 4.Nc3 e6 5.Nf3 Nbd7 6.Be2 Bd6 7.O-O O-O 8.a4 a6
9.Qc2 e5 10.cxd5 cxd5 11.dxe5 Nxe5 12.Rd1 Nc6 13.Bd2 Nb4 14.Qb3 Bf5 15.Nd4 Bg6
16.Ncb5 axb5 17.Bxb4 bxa4 18.Rxa4 Rxa4 19.Qxa4 Ne4 20.Bxd6 Qxd6 21.Bf3 Ng5
22.Be2 h6 23.Qb3 Be4 24.f3 Bg6 25.f4 Ne6 26.Bf3 Nxd4 27.Rxd4 Rc8 28.h3 Qe7
29.Rxd5 Bc2 30.Qb6 f6 31.Kh2 Be4 32.Bxe4 Qxe4 33.Rd4 Qc6 34.Qb3+ Kh8 35.Qf7 Rg8
36.Rd7 Qb6 37.Qe7 Qxb2 38.Rxb7 Qf2 39.Rd7 Qf1 40.Qe4 Qe2 41.Re7 Qh5 42.Qd4 Qf5
43.Qd6 Qb5 44.Qe6 Qb8 45.Qf5 Qd8 46.Re6 Re8 47.Rxe8+ Qxe8 48.e4 Qe7 49.e5 fxe5
50.fxe5 Qc7 51.Qf8+ Kh7 52.Qd6 Qf7 53.e6 Qf6 54.Qd5 Qf4+ 55.Kg1 Qe3+ 56.Kf1 Kg6
57.Qd7 Qf4+ 58.Ke2 Qe4+ 59.Kd1 Qb1+ 60.Kd2 Qb2+ 61.Kd3 Qb1+ 62.Kc4 Qa2+ 63.Kd4 Qb2+
64.Kc5 Qa3+ 65.Kd5 Qa2+ 66.Kd6 Qa3+ 67.Kc7 Qa5+ 68.Kb7 Qb4+ 69.Kc8 Qf8+ 70.Kc7 Kf6
71.Kc6 Qa8+ 72.Kc5 Qa3+ 73.Kd4 Qb2+ 74.Kc4 Qa2+ 75.Kd3  1/2-1/2

[Event "Chigorin Mem Rapid"]
[Site "St Petersburg RUS"]
[Date "2012.10.26"]
[Round "8.1"]
[White "Khismatullin,D"]
[Black "Andriasian,Z"]
[Result "1-0"]
[WhiteElo "2638"]
[BlackElo "2604"]

1.d4 d5 2.c4 c6 3.Nc3 Nf6 4.e3 e6 5.Nf3 Nbd7 6.Qc2 Bd6 7.b3 O-O 8.Bb2 b6
9.Bd3 Bb7 10.O-O Qe7 11.Rfe1 Rac8 12.e4 dxc4 13.Bxc4 e5 14.Rad1 Rcd8 15.g3 b5
16.Bf1 a6 17.a4 Rfe8 18.Bg2 g6 19.Qc1 exd4 20.Nxd4 b4 21.Nb1 Qf8 22.Nd2 Ne5
23.Nc4 Nxc4 24.Qxc4 Ng4 25.f4 c5 26.Nf3 Be7 27.Rxd8 Rxd8 28.h3 Nf6 29.Kh2 Nd7
30.e5 Nb6 31.Qc2 Bd5 32.a5 Na8 33.f5 gxf5 34.Nh4 f4 35.Nf5 f3 36.Bh1 Nc7
37.Rf1 Be6 38.Bc1 Bxf5 39.Qxf5 Ne6 40.Qxf3 Qg7 41.Qe2 Nd4 42.Qxa6 Nxb3 43.Bf4 Nd4
44.Qb7 Bg5 45.Bxg5 Qxg5 46.Qxf7+ Kh8 47.a6 Ne2 48.Qf6+ Qxf6 49.exf6 Kg8 50.a7 Nc3
51.Ra1 b3 52.a8=Q Rxa8 53.Rxa8+ Kf7 54.Rb8 c4 55.Rb6 Kg6 56.g4 Na4 57.Be4+ Kh6
58.Rb5  1-0

[Event "TCh-SVK Extraliga 2012-13"]
[Site "Slovakia SVK"]
[Date "2012.10.27"]
[Round "1.1"]
[White "Lisko,F"]
[Black "Olsar,J"]
[Result "1-0"]
[WhiteElo "2253"]
[BlackElo "2233"]

1.d4 d5 2.c4 c6 3.Nc3 Nf6 4.e3 e6 5.Nf3 Nbd7 6.Bd3 Bd6 7.O-O dxc4 8.Bxc4 O-O
9.e4 e5 10.Be3 Qe7 11.Bb3 h6 12.Nh4 Nb6 13.Ng6 Qc7 14.Nxf8 Kxf8 15.h3 Bd7
16.Rc1 Qd8 17.f4 exf4 18.Bxf4 Bxf4 19.Rxf4 Be8 20.Qd3 Qe7 21.Rcf1 Kg8 22.Rxf6 gxf6
23.e5 Qf8 24.exf6 Kh8 25.Bc2 Qg8 26.Rf3  1-0

[Event "Chigorin Memorial"]
[Site "St Petersburg RUS"]
[Date "2012.10.28"]
[Round "2.91"]
[White "Baghdasaryan,V"]
[Black "Doronkin,Grigory"]
[Result "1/2-1/2"]
[WhiteElo "2373"]
[BlackElo "1942"]

1.c4 e6 2.Nc3 d5 3.d4 c6 4.Nf3 Nf6 5.e3 Nbd7 6.Qc2 Bd6 7.b3 O-O 8.Bb2 a6
9.Bd3 e5 10.cxd5 cxd5 11.dxe5 Nxe5 12.Nxe5 Bxe5 13.Ne2 Bxb2 14.Qxb2 Be6 15.O-O Rc8
16.Qd4 Qd7 17.Nc3 Rc6 18.Na4 Qc7 19.f3 b5 20.Nb2 Rc8 21.a4 b4 22.a5 Rb8 23.Rfd1 Nd7
24.Ra4 Nc5 25.Rxb4 Nxb3 26.Rxb8+ Qxb8 27.Qa4 Rd6 28.Bc2 Nc5 29.Qd4 Nd7 30.e4 Qc7
31.Bb1 Qc5 32.Ba2 dxe4 33.Qxc5 Rxd1+ 34.Nxd1 Nxc5 35.Bb1 exf3 36.gxf3 Nb3
37.Bd3 Bc8 38.Ne3 Nxa5 39.Nd5 Kf8 40.Nb4 Bb7 41.Kf2 Ke7 42.Kg3 Nb3 43.Bxa6 Bxa6
44.Nxa6 Kf6 45.Nb4 Nd4 46.Kg4 g6 47.Nd3 h5+ 48.Kg3 Kf5 49.Nb4 g5 50.h4 g4
51.fxg4+ hxg4 52.Nd5 Ne2+ 53.Kf2 Nd4 54.Kg3 Ne2+  1/2-1/2

[Event "Chigorin Memorial"]
[Site "St Petersburg RUS"]
[Date "2012.10.28"]
[Round "2.80"]
[White "Matlakov,M"]
[Black "Kuratov,Vasily"]
[Result "1-0"]
[WhiteElo "2665"]
[BlackElo "2225"]

1.d4 Nf6 2.c4 e6 3.Nf3 d5 4.Nc3 c6 5.e3 Nbd7 6.Qc2 Be7 7.g4 O-O 8.g5 Nh5
9.e4 Nb6 10.c5 dxe4 11.Nxe4 Nd5 12.Ng3 Nhf4 13.h4 f6 14.gxf6 Bxf6 15.Qe4 Qc7
16.Bc4 b6 17.Bxf4 Nxf4 18.Ne2 Nxe2 19.Kxe2 bxc5 20.Bd3 g6 21.h5 g5 22.Rac1 Rb8
23.b3 cxd4 24.h6 Kh8 25.Rhg1 Rb7 26.Nxg5 Qe5 27.Rxc6 Re7 28.Qxe5 Bxe5 29.Bc4 Bh2
30.Rg4 Bd7 31.Ra6 Bc8 32.Rc6 Bd7 33.Rc5 Bd6 34.Ra5 e5 35.Rh4 Bf5 36.f3 Rc7
37.Rh1 Be7 38.Rg1 Bf6 39.Ra6 Bxg5 40.Rxg5 Bg6 41.Rxe5 Rd8 42.Rf6 a5 43.Kd2 a4
44.Rd5 Rdc8 45.Rxd4  1-0

[Event "Chigorin Memorial"]
[Site "St Petersburg RUS"]
[Date "2012.10.28"]
[Round "2.46"]
[White "Al Sayed,Mohamad"]
[Black "Martynov,P2"]
[Result "1-0"]
[WhiteElo "2511"]
[BlackElo "2303"]

1.d4 d5 2.c4 c6 3.Nc3 Nf6 4.e3 e6 5.Nf3 a6 6.Qc2 c5 7.cxd5 exd5 8.Be2 Be6
9.O-O Nc6 10.Rd1 cxd4 11.Nxd4 Nxd4 12.Rxd4 Bc5 13.Rd1 Qe7 14.Qa4+ Bd7 15.Qh4 Be6
16.b3 O-O 17.Bb2 Ba3 18.Bxa3 Qxa3 19.Bd3 Rac8 20.Ne2 Rc7 21.Rd2 Rfc8 22.Rad1 a5
23.h3 Rc5 24.Qf4 Bd7 25.Qd6 Qb4 26.Nd4 a4 27.Bf5 Bxf5 28.Nxf5 Ne8 29.Ne7+ Kh8
30.Qe5 Rd8 31.Nxd5 Qh4 32.Rd4 Qh6 33.Qe7 Qd6 34.Qxf7 Rcc8 35.Ne7  1-0

[Event "Chigorin Memorial"]
[Site "St Petersburg RUS"]
[Date "2012.10.29"]
[Round "3.96"]
[White "Pavlov,Aleks"]
[Black "Androsov,S"]
[Result "1/2-1/2"]
[WhiteElo "2300"]
[BlackElo "2081"]

1.d4 d5 2.c4 c6 3.Nf3 Nf6 4.Nc3 e6 5.e3 Bd6 6.Qc2 Nbd7 7.g4 h6 8.Bd2 dxc4
9.Bxc4 b5 10.Bb3 Bb7 11.Rg1 Qe7 12.e4 b4 13.e5 bxc3 14.Bxc3 Bb4 15.exf6 Bxc3+
16.bxc3 Qxf6 17.Qe4 O-O-O 18.Rg3 c5 19.Qe2 Rhe8 20.Rd1 e5 21.dxe5 Bxf3 22.Rxf3 Rxe5
23.Rxf6 Rxe2+ 24.Kxe2 Nxf6 25.Bxf7 Rxd1 26.Kxd1 Ne4 27.Ke2 Nxc3+ 28.Kd3 Nb5
29.Be6+ Kc7 30.Ke4 Kd6 31.Bg8 Nc3+ 32.Kd3 Nd1 33.f3 Ke5 34.Bb3 Nf2+ 35.Kc4 Kd6
36.Bc2 g5 37.a4 Nh3 38.Be4 Nf4 39.a5 Ne6 40.Bb7 Nd4 41.Be4 Ne6  1/2-1/2

[Event "Chigorin Memorial"]
[Site "St Petersburg RUS"]
[Date "2012.10.30"]
[Round "4.2"]
[White "Malakhatko,V"]
[Black "Khismatullin,D"]
[Result "1/2-1/2"]
[WhiteElo "2558"]
[BlackElo "2638"]

1.d4 Nf6 2.c4 e6 3.Nf3 d5 4.Nc3 c6 5.e3 Nbd7 6.Qc2 Bd6 7.Bd3 O-O 8.O-O dxc4
9.Bxc4 b5 10.Bd3 Bb7 11.a3 Rc8 12.b4 c5 13.bxc5 Bxf3 14.gxf3 Nxc5 15.dxc5 Rxc5
16.Bb2 Bxh2+ 17.Kxh2 Rh5+ 18.Kg2 Rg5+ 19.Kh3 Rh5+ 20.Kg2 Rg5+ 21.Kh3 Rh5+
22.Kg2 Rg5+  1/2-1/2

[Event "Chigorin Memorial"]
[Site "St Petersburg RUS"]
[Date "2012.10.31"]
[Round "5.49"]
[White "Pavlov,Aleks"]
[Black "Al Sayed,Mohamad"]
[Result "0-1"]
[WhiteElo "2300"]
[BlackElo "2511"]

1.d4 d5 2.c4 c6 3.Nf3 Nf6 4.Nc3 e6 5.e3 Nbd7 6.Qc2 Bd6 7.Bd3 O-O 8.O-O dxc4
9.Bxc4 a6 10.a4 c5 11.Rd1 Qc7 12.Bd3 cxd4 13.exd4 b6 14.Qe2 Bb7 15.h3 Rfe8
16.Be3 e5 17.Rac1 Qb8 18.Bc4 e4 19.Ng5 Re7 20.h4 h6 21.Nh3 Nf8 22.h5 Ne6
23.d5 Nc5 24.Bd4 Be5 25.Be3 Qd6 26.b3 Bc8 27.b4 Nb7 28.Qf1 Bxh3 29.gxh3 Nxh5
30.Bxa6 Qxb4 31.d6 Rd7 32.Bb5 Rxd6 33.Nd5 Qa3 34.Nxb6 Rg6+ 35.Kh1 Qxe3 36.fxe3 Ng3+
37.Kg2 Nxf1+ 38.Kxf1 Rxb6 39.Rd5 Rf6+ 40.Ke2 Bg3  0-1

[Event "Chigorin Memorial"]
[Site "St Petersburg RUS"]
[Date "2012.10.31"]
[Round "5.164"]
[White "Pitkanen,Ju"]
[Black "Frolov,L"]
[Result "1/2-1/2"]
[WhiteElo "1763"]
[BlackElo "1970"]

1.d4 d5 2.c4 c6 3.Nc3 Nf6 4.e3 e6 5.Nf3 Nbd7 6.Qc2 Bd6 7.b3 O-O 8.Bb2 Re8
9.Bd3 e5 10.dxe5 Nxe5 11.Nxe5 Bxe5 12.O-O h6 13.h3 Be6 14.Rad1 Qc7 15.cxd5 Nxd5
16.Nxd5 Bxd5 17.Bxe5 Qxe5 18.Bc4 Be4 19.Bd3 Bd5 20.Bc4 Be4 21.Bd3 Bd5  1/2-1/2

[Event "Chigorin Memorial"]
[Site "St Petersburg RUS"]
[Date "2012.10.31"]
[Round "5.7"]
[White "Khismatullin,D"]
[Black "Jumabayev,R"]
[Result "1/2-1/2"]
[WhiteElo "2638"]
[BlackElo "2545"]

1.d4 d5 2.c4 c6 3.Nc3 Nf6 4.e3 e6 5.Nf3 Nbd7 6.Qc2 Bd6 7.Bd3 O-O 8.O-O dxc4
9.Bxc4 a6 10.Rd1 b5 11.Bd3 Qc7 12.Bd2 c5 13.Ne4 c4 14.Nxd6 Qxd6 15.Be2 Bb7
16.Ba5 Rfc8 17.Rac1 Ne4 18.Ne1 f5 19.f3 Nef6 20.Qd2 Kf7 21.b3 cxb3 22.axb3 Bd5
23.Rc3 Qa3 24.Rd3 Qd6 25.Rc1 Bb7 26.Ra1 g5 27.Rc3 Rxc3 28.Bxc3 Rc8 29.Nd3 g4
30.Bb4 Qd5 31.Nf4 Qxb3 32.Bd3 gxf3 33.Ra3 Rc1+ 34.Qxc1 Qxb4 35.Rc3 Nd5 36.Nxd5 Bxd5
37.gxf3 Bxf3 38.Rc7 Qd6 39.Qc5 Qxc5 40.dxc5 Ke8 41.Rc8+ Ke7 42.Kf2 Bd5 43.Ke2 h5
44.Kd2 h4 45.Be2 Ne5 46.Rc7+ Kf6 47.Ra7 Ng4 48.Rxa6 Ke5 49.c6 Kd6 50.Bxb5 Nxh2
51.Ke2 Ng4 52.Ra7 Bxc6 53.Ra6 Ne5 54.Kf2 Kd5 55.Bxc6+ Nxc6 56.Ra4 h3 57.Rh4 Ne5
58.Rxh3 Ke4 59.Ke2 Ng4 60.Rf3 Ke5 61.Rf4 Nf6 62.Kf3 Ne4 63.Rh4 Ng5+ 64.Ke2 Ne4
65.Rh8 Nf6 66.Ra8 f4 67.exf4+ Kxf4 68.Ra4+ Kf5 69.Ke3 e5 70.Rh4 Ng4+ 71.Kf3 Nf6  1/2-1/2

[Event "7th Kavalier Open"]
[Site "Vienna AUT"]
[Date "2012.10.31"]
[Round "6.1"]
[White "Stanec,N"]
[Black "Kilgus,G"]
[Result "1/2-1/2"]
[WhiteElo "2515"]
[BlackElo "2400"]

1.d4 d5 2.c4 c6 3.Nf3 Nf6 4.Nc3 e6 5.e3 Nbd7 6.Bd3 dxc4 7.Bxc4 b5 8.Be2 a6
9.O-O Bb7 10.b3 c5 11.Bb2  1/2-1/2

[Event "Chigorin Memorial"]
[Site "St Petersburg RUS"]
[Date "2012.11.01"]
[Round "6.34"]
[White "Cori T.,D"]
[Black "Yevseev,D"]
[Result "1/2-1/2"]
[WhiteElo "2411"]
[BlackElo "2545"]

1.d4 d5 2.Nf3 Nf6 3.c4 e6 4.Nc3 c6 5.e3 Nbd7 6.Qc2 Bd6 7.Bd3 O-O 8.O-O dxc4
9.Bxc4 b5 10.Be2 Bb7 11.Rd1 Qc7 12.a3 h6 13.h3 Rfe8 14.e4 e5 15.dxe5 Nxe5
16.Nd4 Ng6 17.Nf5 Bh2+ 18.Kh1 Bf4 19.Bf3 Rad8 20.Rxd8 Rxd8 21.g3 Bxc1 22.Rxc1 Qb6
23.Bg2 c5 24.Qb3 Rd2 25.Qxb5 Qxb5 26.Nxb5 Nxe4 27.Kg1 Rxb2 28.Nbd6 Nxd6 29.Nxd6 Bxg2
30.Kxg2 Ne5 31.Rxc5 Nd3 32.Rf5 f6 33.g4 Rb3 34.a4 Ra3 35.a5 Ne5 36.f4 Ng6
37.Kh2 a6 38.h4 Nxh4 39.Rc5 Ng6 40.Rc8+ Kh7 41.Rc7 Nxf4 42.Nf5 Rxa5 43.Rxg7+ Kh8
44.Rf7 h5 45.Kg3 Ne2+ 46.Kh4 hxg4 47.Kxg4 Ra1  1/2-1/2

[Event "Chigorin Memorial"]
[Site "St Petersburg RUS"]
[Date "2012.11.01"]
[Round "6.28"]
[White "Grigoriants,S RUS"]
[Black "Bajarani,U"]
[Result "1-0"]
[WhiteElo "2578"]
[BlackElo "2436"]

1.Nf3 Nf6 2.c4 c6 3.d4 d5 4.Nc3 e6 5.e3 Nbd7 6.Qc2 Bd6 7.Bd3 O-O 8.O-O dxc4
9.Bxc4 b5 10.Be2 Qc7 11.e4 e5 12.g3 Re8 13.dxe5 Nxe5 14.Nxe5 Bxe5 15.Bf3 Bh3
16.Re1 h6 17.Be3 Qe7 18.Ne2 Rac8 19.Nf4 Bxf4 20.Bxf4 Ng4 21.Bg2 Bxg2 22.Kxg2 Qf6
23.Rad1 g5 24.Rd6 Re6 25.e5 Qe7 26.Qf5 gxf4 27.Qxg4+ Qg5 28.Qxg5+ hxg5 29.gxf4 gxf4
30.Kf3 c5 31.Kxf4 Kf8 32.Red1 Ke8 33.Ke4 c4 34.Kd5 Ke7 35.f4 b4 36.Ke4 Rxd6
37.Rxd6 c3 38.bxc3 bxc3 39.Rd1 Rc4+ 40.Kf5 Rc5 41.Rc1 c2 42.h4 f6 43.h5 fxe5
44.fxe5 Rc6 45.Ke4 Ke6 46.Kd4 Rc7 47.h6 Rd7+ 48.Ke3 Kxe5 49.Rxc2 Kf6 50.Rc6+ Kf7
51.Ra6 Kg8 52.Ke4 Kh7 53.a4 Rd1 54.a5 Rd7 55.Ke5 Re7+ 56.Kd5 Rf7 57.Ke5 Re7+
58.Re6 Rd7 59.Rd6 Rb7 60.a6 Re7+ 61.Kd5 Rc7 62.Re6 Rc1 63.Kd6 Rc2 64.Re7+ Kxh6
65.Rxa7 Rf2 66.Re7 Ra2 67.Re6+ Kg5 68.Kc7  1-0

[Event "Chigorin Memorial"]
[Site "St Petersburg RUS"]
[Date "2012.11.01"]
[Round "6.94"]
[White "Bratus,P"]
[Black "Sukhareva,E"]
[Result "1-0"]
[WhiteElo "2114"]
[BlackElo "2268"]

1.d4 d5 2.c4 e6 3.Nc3 c6 4.Nf3 Nf6 5.e3 a6 6.a4 c5 7.Bd3 b6 8.O-O Bb7 9.Qe2 Be7
10.Rd1 O-O 11.Ne5 Nc6 12.cxd5 Nxe5 13.dxe5 Nxd5 14.Bxh7+ Kxh7 15.e4 Kg8 16.exd5 Bxd5
17.Bf4 Ra7 18.Rd3 Re8 19.Rad1 Rd7 20.Qg4 Qc8 21.Bh6 g6 22.h4 Red8 23.h5 Bb3
24.hxg6 f5 25.exf6 Bxf6 26.Rxd7 Rxd7 27.Rxd7 Qxd7 28.Qf3 Qe7 29.Qa8+ Qd8
30.Qb7 Be7 31.Bg5 Bd5 32.Qxe7 Qxe7 33.Bxe7 Bc6 34.Bf6 Be8 35.g7 Bg6 36.f3 Kf7
37.Kf2 Bh7 38.Be5 Kg6 39.g4 Kf7 40.Ne4  1-0

[Event "Chigorin Memorial"]
[Site "St Petersburg RUS"]
[Date "2012.11.01"]
[Round "6.21"]
[White "Debashis,D"]
[Black "Andriasian,Z"]
[Result "0-1"]
[WhiteElo "2454"]
[BlackElo "2604"]

1.d4 d5 2.c4 c6 3.Nf3 Nf6 4.e3 e6 5.Nc3 Nbd7 6.Qc2 Bd6 7.Bd3 dxc4 8.Bxc4 O-O
9.O-O b5 10.Be2 Bb7 11.e4 e5 12.dxe5 Nxe5 13.Nh4 g6 14.Rd1 Qc7 15.Bg5 Ned7
16.Nf3 b4 17.Na4 Rfe8 18.Bxf6 Nxf6 19.e5 Bxe5 20.Nc5 a5 21.Nxe5 Rxe5 22.Bf3 Rae8
23.Nxb7 Qxb7 24.Bxc6 Qc7 25.Rac1 Re2 26.Qc4 R8e7 27.h3 Rxb2 28.Qh4 Kg7 29.Bd5 Rc2
30.Rxc2 Qxc2 31.Bb3 Qc3 32.Kh2 Qc7+ 33.Kg1 h6 34.Qd4 Rd7 35.Qa1 Rxd1+ 36.Qxd1 Qe5
37.Qf3 a4 38.Bxa4 Qa1+ 39.Qd1 Qxa2 40.Bb3 Qb2 41.Qf3 Qa1+ 42.Kh2 Qc3 43.Qd1 h5
44.Kg1 h4 45.Bc2 Nh5 46.Bb3 Nf4 47.Bc2 Ne6  0-1

[Event "Venetian Autumn Masters 2012"]
[Site "Venice ITA"]
[Date "2012.11.01"]
[Round "1.1"]
[White "Solomon,K"]
[Black "Basso,Pier Luigi"]
[Result "0-1"]
[WhiteElo "2445"]
[BlackElo "2131"]

1.Nf3 d5 2.d4 Nf6 3.c4 c6 4.Nc3 e6 5.e3 Nbd7 6.Qc2 Bd6 7.Bd3 O-O 8.O-O dxc4
9.Bxc4 b5 10.Be2 Bb7 11.Rd1 Qc7 12.Bd2 Rac8 13.b4 Rfe8 14.Rac1 e5 15.Qb3 Qd8
16.dxe5 Nxe5 17.Ng5 h6 18.Nge4 Nxe4 19.Nxe4 Bf8 20.Be1 Qb6 21.Nc5 Bxc5 22.bxc5 Qc7
23.Rd6 Nd7 24.Bh5 Nxc5 25.Rxc5 Qxd6 26.Qxf7+ Kh8 27.Bc3 Re7 28.Qf5 Rd8 29.h4 Bc8
30.Qc2 Qd3 31.Qb3 Be6 32.Qb4 a5 33.Qxa5 Qb1+ 34.Kh2 Red7 35.Rxc6 Qe4 36.Bf3 Qxh4+
37.Kg1 Rd1+ 38.Be1 b4 39.Qxd8+ Qxd8 40.Bxd1 Qxd1 41.Rxe6 Qxe1+ 42.Kh2 Qxf2
43.Re4 Qd2 44.Kg3 Qd3 45.Kf4 Qd6+ 46.Kg4 h5+ 47.Kh3 g5 48.Rd4 Qe6+ 49.Kh2 Qxe3
50.Rxb4 Qe5+ 51.g3 Qe2+ 52.Kh3 g4+  0-1

[Event "TCh-NOR Eliteserien 2012-13"]
[Site "Haraldsheim NOR"]
[Date "2012.11.02"]
[Round "5"]
[White "Hammer,J"]
[Black "Thingstad,E"]
[Result "1-0"]
[WhiteElo "2633"]
[BlackElo "2245"]

1.d4 d5 2.c4 c6 3.Nf3 Nf6 4.Nc3 e6 5.e3 Nbd7 6.Qc2 Bd6 7.Bd3 O-O 8.O-O dxc4
9.Bxc4 b5 10.Be2 Bb7 11.e4 e5 12.dxe5 Nxe5 13.Nd4 Re8 14.Nf5 Bf8 15.a3 a6
16.Bg5 c5 17.Rad1 Qb6 18.Bxf6 Qxf6 19.f4 Ng6 20.e5 Qb6 21.Bf3 Bxf3 22.Rxf3 c4+
23.Kh1 Rad8 24.Nd5 Qc6 25.Qe4 Bc5 26.Rff1 Qc8 27.Rfe1 Rd7 28.h4 Kh8 29.h5 Nf8
30.h6 Ne6 31.hxg7+ Nxg7 32.Nxg7 Kxg7 33.Nf6 Rxd1 34.Qxh7+ Kf8 35.Rxd1 Rd8
36.Rd7 Qxd7 37.Nxd7+ Rxd7 38.Qh8+ Ke7 39.Qf6+  1-0

[Event "TCh-AUT 2012-13"]
[Site "Hohenems AUT"]
[Date "2012.11.02"]
[Round "1.1"]
[White "Rapport,R"]
[Black "Balogh,C"]
[Result "1/2-1/2"]
[WhiteElo "2621"]
[BlackElo "2641"]

1.d4 d5 2.c4 c6 3.e3 Nf6 4.Nc3 e6 5.Nf3 Nbd7 6.Qc2 b6 7.Bd3 Bb7 8.O-O dxc4
9.Bxc4 c5 10.Rd1 Qc8 11.Qb3 Be7 12.Ne5 O-O 13.Nxd7 Qxd7 14.dxc5 Qc6 15.Bf1 Qxc5
16.Bd2 Rfd8 17.Be1 Bd6 18.Qb5 Qe5 19.Qxe5 Bxe5 20.Rxd8+ Rxd8 21.Rd1 Rxd1
22.Nxd1 Bc6 23.Bd3 g5 24.Bc3 Nd7 25.Bxe5 Nxe5 26.Be2 g4 27.h3 h5 28.hxg4 hxg4
29.Kh2 f5 30.Kg3 Kf7 31.Nc3  1/2-1/2

[Event "TCh-AUT 2012-13"]
[Site "Hohenems AUT"]
[Date "2012.11.02"]
[Round "1.5"]
[White "Bischoff,K"]
[Black "Halvax,G"]
[Result "1-0"]
[WhiteElo "2519"]
[BlackElo "2282"]

1.d4 d5 2.c4 e6 3.Nc3 c6 4.e3 Nf6 5.Nf3 Nbd7 6.Qc2 Bd6 7.b3 O-O 8.Be2 e5
9.Bb2 a6 10.O-O-O Ng4 11.cxd5 Nxf2 12.dxc6 Nxd1 13.Rxd1 bxc6 14.dxe5 Bc5
15.Ne4 Bxe3+ 16.Kb1 Qe7 17.Qc3 Bh6 18.g4 Bf4 19.Nd6 Nb8 20.Qd4 Bg5 21.h4 Bxh4
22.Nxh4 Qxh4 23.e6 Qg5 24.e7 Nd7 25.Bc4 Nf6 26.Nxf7 Bf5+ 27.gxf5 Qxf5+ 28.Ka1 Rxf7
29.Qd8+ Ne8 30.Qxa8  1-0

[Event "Chigorin Memorial"]
[Site "St Petersburg RUS"]
[Date "2012.11.02"]
[Round "7.105"]
[White "Pavlov,Aleks"]
[Black "Doronkin,Grigory"]
[Result "1-0"]
[WhiteElo "2300"]
[BlackElo "1942"]

1.Nf3 d5 2.d4 Nf6 3.c4 e6 4.Nc3 c6 5.e3 Nbd7 6.Qc2 Bd6 7.g4 h6 8.Bd2 dxc4
9.Bxc4 b5 10.Be2 Bb7 11.Rg1 Rc8 12.e4 e5 13.g5 hxg5 14.Rxg5 exd4 15.Nxd4 b4
16.Nf5 Bf8 17.Bc4 Nc5 18.O-O-O Qc7 19.Nxg7+ Bxg7 20.Rxg7 bxc3 21.Bxc3 Rf8
22.Qd2 Nfxe4 23.Re1 Rd8 24.Qe3 Kd7 25.Qh3+ Ke8 26.Qf5 Qd6 27.Bxf7+  1-0

[Event "Chigorin Memorial"]
[Site "St Petersburg RUS"]
[Date "2012.11.02"]
[Round "7.61"]
[White "Marusenko,P"]
[Black "Debashis,D"]
[Result "0-1"]
[WhiteElo "2175"]
[BlackElo "2454"]

1.d4 Nf6 2.c4 c6 3.Nc3 d5 4.e3 e6 5.Nf3 Nbd7 6.Qc2 Bd6 7.Bd3 O-O 8.O-O dxc4
9.Bxc4 b5 10.Be2 Qe7 11.h3 a6 12.e4 e5 13.Rd1 Bb7 14.dxe5 Nxe5 15.Nd4 Bc5
16.Nf5 Qe6 17.Be3 Bxe3 18.Nxe3 Ng6 19.b4 Rac8 20.Ng4 c5 21.Nxf6+ Qxf6 22.Nd5 Bxd5
23.exd5 cxb4 24.Qb3 Nf4 25.Bg4 Rc3 26.Qxb4 h5 27.Rd4 Rc4  0-1

[Event "72nd ch-ITA 2012"]
[Site "Torino ITA"]
[Date "2012.11.02"]
[Round "4"]
[White "Caprio,G"]
[Black "Godena,M"]
[Result "1/2-1/2"]
[WhiteElo "2392"]
[BlackElo "2526"]

1.d4 d5 2.c4 c6 3.Nf3 Nf6 4.e3 e6 5.Nc3 Nbd7 6.Qc2 b6 7.Bd3 Bb7 8.O-O Be7
9.b3 O-O 10.Bb2 Qc7 11.Rad1 h6 12.Qe2 Rfe8 13.Ne5 dxc4 14.bxc4 Nxe5 15.dxe5 Qxe5
16.Nd5 Qb8 17.Nxe7+ Rxe7 18.Bxf6 gxf6 19.Qg4+ Kh8 20.Qh4 Kg7 21.f4 Qh8 22.Be4 h5
23.f5 Qh6 24.Rf3 exf5  1/2-1/2

[Event "TCh-CZE Extraliga 2012-13"]
[Site "Czech Republic CZE"]
[Date "2012.11.03"]
[Round "1.6"]
[White "Stachowiak,K"]
[Black "Sosna,J"]
[Result "1/2-1/2"]
[WhiteElo "2432"]
[BlackElo "2385"]

1.d4 d5 2.Nf3 c6 3.c4 e6 4.e3 Nf6 5.Nc3 Nbd7 6.Qc2 Bd6 7.b3 O-O 8.Be2 dxc4
9.bxc4 e5 10.O-O Re8 11.Rd1 exd4 12.exd4 Nf8 13.h3 Ng6 14.Bf1 Be6 15.Bb2 Qa5
16.d5 cxd5 17.Nb5 Be7 18.Bc3 Qd8 19.Qb2 Qc8 20.cxd5 Bxd5 21.Nbd4 Qc5 22.Nb3 Qc7
23.Nfd4 Rac8 24.Rac1 Qf4 25.Bd2 Rxc1 26.Rxc1 Qb8 27.Nf5 Bf8 28.Bc3 Qf4 29.Nbd4 Ne4
30.Be1 h6 31.Rd1 Ng5 32.Bd2 Qb8 33.Ne3 Be4 34.Bc3 Ne6 35.Nxe6 Rxe6 36.Bc4 Rb6
37.Bb3 Rd6 38.Re1 Rd8 39.Bxf7+ Kh7 40.Ng4 Qf4 41.Bb3 Bf5 42.Bc2 Rc8 43.g3 Qg5
44.Bxf5 Qxf5 45.Bd4 b6 46.Qb3 Rd8 47.Qb2 Rd7  1/2-1/2

[Event "TCh-NED Meesterklasse 2012-13"]
[Site "Netherland NED"]
[Date "2012.11.03"]
[Round "3.5"]
[White "Ondersteijn,N"]
[Black "Van Beek,Al"]
[Result "1/2-1/2"]
[WhiteElo "2322"]
[BlackElo "2324"]

1.d4 d5 2.c4 e6 3.Nc3 c6 4.e3 Nf6 5.Nf3 Nbd7 6.b3 Bb4 7.Bd2 O-O 8.Bd3 Qe7
9.O-O e5 10.dxe5 Nxe5 11.Nxe5 Qxe5 12.Nxd5 Nxd5 13.cxd5 Bd6 14.f4 Qxd5 15.Qc2 h6
16.Rae1 a5 17.e4 Qc5+ 18.Be3 Qxc2 19.Bxc2 Bb4 20.Re2 f5 21.exf5 Bxf5 22.Bd4 Bxc2
23.Rxc2 Rad8 24.Bc5 Rf5 25.Bb6 Rd7 26.g4 Rb5 27.Be3 Rd3 28.Kf2 Rbd5 29.Ke2 a4
30.bxa4 Ra3 31.f5 Re5 32.Rf3 Ba5 33.Rb2 Rxa4 34.Rxb7 Rxa2+ 35.Kf1 Rd5 36.Rf2 Ra4
37.h3 Re4 38.Rf3 Bd2 39.f6 gxf6 40.Bxd2 Rxd2 41.Ra3 Rd1+ 42.Kf2 Red4 43.Ke3 Rd7
44.Raa7 R1d3+ 45.Ke4 Rxb7 46.Rxb7 Rxh3 47.Kf5 Rf3+ 48.Kg6 Kf8 49.Rc7 Rf4
50.Rxc6 Ke7 51.Rc7+ Ke6 52.Kh5 Ke5 53.Re7+ Kd4 54.Rg7 f5  1/2-1/2